[Event "Huanuco Navidad op 1st"]
[Site "Huanuco"]
[Date "2019.12.21"]
[Round "2"]
[White "Flores Tomasto, Luis"]
[Black "Vela, Amrafel"]
[Result "1-0"]
[WhiteElo "2198"]
[BlackElo "1729"]
[PlyCount "73"]
[EventDate "2019.12.21"]
[EventType "swiss"]
[EventRounds "6"]
[EventCountry "PER"]
[SourceTitle "CBM 194 Extra"]
[Source "ChessBase"]
[SourceDate "2020.03.31"]
[SourceVersion "1"]
[SourceVersionDate "2020.03.31"]
[SourceQuality "1"]

1. e4 c6 2. d4 d5 3. e5 Bf5 4. Nf3 e6 5. Be2 c5 6. 0-0 Nc6 7. c3 c4 8. b3 b5 9. bxc4 bxc4 10. Qa4 Qb6 11. Ba3 Nge7 12. Bc5 Qa5 13. Bd1 Rc8 14. Qxa5 Nxa5 15. Na3 a6 16. Bc2 Bxc2 17. Nxc2 Nec6 18. Rab1 Bxc5 19. dxc5 0-0 20. Rb6 Rb8 21. Rxa6 Rb5 22. Ncd4 Rxc5 23. Rb1 Nb8 24. Ra8 Nbc6 25. Ra6 Nb8 26. Rab6 Nd7 27. Rd6 Nb8 28. h4 h6 29. g4 Rfc8 30. g5 Nac6 31. g6 Nxd4 32. gxf7+ Kxf7 33. Nxd4 Nc6 34. Rb7+ Kg8 35. Nxe6 Kh7 36. Rxg7+ Kh8 37. Rdd7 1-0

[Event "Lima Santisimo Nombre de Jesus 3"]
[Site "Lima"]
[Date "2014.06.29"]
[Round "8"]
[White "Gallegos, Ricardo"]
[Black "Vela, Amrafel"]
[Result "1-0"]
[WhiteElo "1919"]
[BlackElo "1684"]
[PlyCount "91"]
[EventDate "2014.06.21"]
[EventType "swiss"]
[EventRounds "8"]
[EventCountry "PER"]
[SourceTitle "EXT 2024"]
[Source "ChessBase"]
[SourceDate "2023.10.10"]
[SourceVersion "1"]
[SourceVersionDate "2023.10.10"]
[SourceQuality "1"]

1. d4 b6 2. c4 e6 3. a3 Bb7 4. Nc3 f5 5. Nf3 Nf6 6. g3 Be7 7. Bg2 Ne4 8. 0-0 Nxc3 9. bxc3 0-0 10. Re1 Bf6 11. a4 Nc6 12. Nd2 d5 13. cxd5 exd5 14. Qc2 Qd7 15. e3 Na5 16. Ba3 Rfe8 17. Rab1 Ba6 18. Bh3 g6 19. Bf1 Bb7 20. Bb4 Nc6 21. Ba3 Kg7 22. Bg2 Ne7 23. c4 c6 24. c5 Nc8 25. Bf1 Bd8 26. Rb2 Bc7 27. Rc1 Ne7 28. Nb3 Qd8 29. Na5 Bc8 30. cxb6 Bxb6 31. Bxe7 Qxe7 32. Nxc6 Qg5 33. a5 Bc7 34. Qc5 f4 35. Nb4 Bd8 36. exf4 Qe7 37. Nxd5 Qxc5 38. Rxc5 Re1 39. Kg2 Rd1 40. Nc7 Bxc7 41. Rxc7+ Kh6 42. Be2 Ra1 43. Bf3 Bh3+ 44. Kxh3 Re8 45. Rbb7 g5 46. Rc6+ 1-0

[Event "Lima Santisimo Nombre de Jesus 3"]
[Site "Lima"]
[Date "2014.06.28"]
[Round "6"]
[White "Lopez Callata, Jorge"]
[Black "Vela, Amrafel"]
[Result "0-1"]
[WhiteElo "1841"]
[BlackElo "1684"]
[PlyCount "126"]
[EventDate "2014.06.21"]
[EventType "swiss"]
[EventRounds "8"]
[EventCountry "PER"]
[SourceTitle "EXT 2024"]
[Source "ChessBase"]
[SourceDate "2023.10.10"]
[SourceVersion "1"]
[SourceVersionDate "2023.10.10"]
[SourceQuality "1"]

1. e4 c6 2. d4 d5 3. f3 e6 4. Nc3 Bb4 5. Bf4 dxe4 6. fxe4 Nf6 7. Qd3 b6 8. 0-0-0 Ba6 9. Qe3 Ng4 10. Qf3 Nf6 11. Bxb8 Bxf1 12. Be5 Bc4 13. Nge2 0-0 14. g4 Nd7 15. Bf4 Rc8 16. h4 Qe7 17. Qg3 Rfe8 18. e5 f6 19. a3 fxe5 20. dxe5 Bxc3 21. Nxc3 Bd5 22. Rhg1 b5 23. Bg5 Qf7 24. Rdf1 Qg6 25. Qe3 h6 26. Bf4 a5 27. h5 Qh7 28. g5 hxg5 29. Rxg5 Kh8 30. Rfg1 Rg8 31. b4 axb4 32. axb4 Ra8 33. Kb2 Ra6 34. h6 g6 35. Qg3 Nb6 36. Kc1 Ra1+ 37. Kd2 Rxg1 38. Qxg1 Nc4+ 39. Ke2 Qf7 40. Qg3 Kh7 41. Be3 Rf8 42. Qg1 Nb2 43. Nxd5 cxd5 44. Qg2 Nc4 45. Bc5 Ra8 46. Bd6 Ra3 47. Rg3 Qf5 48. Rd3 Rxd3 49. cxd3 Nxe5 50. Qg3 Qg4+ 51. Qxg4 Nxg4 52. Kf3 Nxh6 53. Kf4 Nf7 54. Be7 e5+ 55. Kf3 g5 56. Kg4 Kg6 57. Bc5 Nh6+ 58. Kf3 Kf5 59. Bd6 g4+ 60. Kg3 Nf7 61. Bc5 Ng5 62. Bd6 e4 63. dxe4+ Nxe4+ 0-1

[Event "Lima Santisimo Nombre de Jesus 1"]
[Site "Lima"]
[Date "2014.03.15"]
[Round "5"]
[White "Vela, Amrafel"]
[Black "Fernandez, Roberto1111"]
[Result "0-1"]
[WhiteElo "1677"]
[BlackElo "1482"]
[PlyCount "46"]
[EventDate "2014.03.08"]
[EventType "swiss"]
[EventRounds "8"]
[EventCountry "PER"]
[SourceTitle "EXT 2024"]
[Source "ChessBase"]
[SourceDate "2023.10.10"]
[SourceVersion "1"]
[SourceVersionDate "2023.10.10"]
[SourceQuality "1"]

1. e4 c6 2. d4 d5 3. Nc3 dxe4 4. Nxe4 Bf5 5. Ng3 Bg6 6. Nf3 Nd7 7. Bf4 h6 8. Bd3 Bxd3 9. Qxd3 Ngf6 10. c4 e6 11. 0-0 Be7 12. Rad1 0-0 13. Qd2 Nh7 14. Bxh6 gxh6 15. Qxh6 Bg5 16. Qh3 Qf6 17. Rfe1 Qh6 18. Nxg5 Qxg5 19. Ne4 Qg6 20. Re3 Kh8 21. Rg3 Qxe4 22. Rg4 Qf5 23. Rd3 Ndf6 0-1

[Event "Lima Santisimo Nombre de Jesus 1"]
[Site "Lima"]
[Date "2014.03.15"]
[Round "6"]
[White "Vela, Amrafel"]
[Black "Flores Quillas, Diego Saul Rodrigo"]
[Result "1-0"]
[WhiteElo "1677"]
[BlackElo "1598"]
[PlyCount "50"]
[EventDate "2014.03.08"]
[EventType "swiss"]
[EventRounds "8"]
[EventCountry "PER"]
[SourceTitle "EXT 2024"]
[Source "ChessBase"]
[SourceDate "2023.10.10"]
[SourceVersion "1"]
[SourceVersionDate "2023.10.10"]
[SourceQuality "1"]

1. c4 Nf6 2. Nc3 g6 3. d4 Bg7 4. e3 0-0 5. Nge2 d6 6. h3 e5 7. g3 c6 8. Bg2 Qe7 9. 0-0 a6 10. a4 e4 11. g4 g5 12. Ng3 d5 13. b3 Be6 14. Ba3 Qd7 15. Bxf8 Bxf8 16. cxd5 cxd5 17. f4 gxf4 18. exf4 Qd6 19. Nce2 Nc6 20. g5 Nd7 21. f5 Bg7 22. fxe6 fxe6 23. Nh5 Rc8 24. Nxg7 Kxg7 25. Rc1 Re8 1-0

[Event "Lima Santisimo Nombre de Jesus 7"]
[Site "Lima"]
[Date "2013.12.16"]
[Round "8"]
[White "Vela, Amrafel"]
[Black "Arroyo Valenzuela, Luigi"]
[Result "1-0"]
[WhiteElo "1673"]
[BlackElo "1590"]
[PlyCount "67"]
[EventDate "2013.12.13"]
[EventType "swiss"]
[EventRounds "8"]
[EventCountry "PER"]
[SourceTitle "EXT 2024"]
[Source "ChessBase"]
[SourceDate "2023.10.10"]
[SourceVersion "1"]
[SourceVersionDate "2023.10.10"]
[SourceQuality "1"]

1. c4 Nf6 2. Nc3 d5 3. cxd5 Nxd5 4. d4 e6 5. e3 Nxc3 6. bxc3 c5 7. Nf3 Nc6 8. Be2 cxd4 9. exd4 Be7 10. 0-0 0-0 11. Be3 Qc7 12. Qd3 f5 13. g3 e5 14. dxe5 Nxe5 15. Nxe5 Qxe5 16. Bf3 Qc7 17. Bf4 Qd8 18. Qc4+ Kh8 19. Rad1 Qb6 20. Bc7 Qc5 21. Qxc5 Bxc5 22. Rfe1 Bb6 23. Bf4 h6 24. h4 Kh7 25. Kg2 Rf7 26. Re8 Bc7 27. Bd5 Rd7 28. Bg8+ Kg6 29. Rxd7 Bxf4 30. gxf4 Bxd7 31. Rxa8 Bc6+ 32. Kg3 a6 33. c4 Kf6 34. Bd5 1-0

[Event "Lima Santisimo Nombre de Jesus 6"]
[Site "Lima"]
[Date "2013.11.18"]
[Round "1"]
[White "Pelaes Castillo, Renzo Jos"]
[Black "Vela, Amrafel"]
[Result "1-0"]
[WhiteElo "1485"]
[BlackElo "1700"]
[PlyCount "100"]
[EventDate "2013.11.18"]
[EventType "swiss"]
[EventRounds "8"]
[EventCountry "PER"]
[SourceTitle "EXT 2024"]
[Source "ChessBase"]
[SourceDate "2023.10.10"]
[SourceVersion "1"]
[SourceVersionDate "2023.10.10"]
[SourceQuality "1"]

1. e4 c6 2. d4 d5 3. e5 c5 4. Bb5+ Nc6 5. c4 e6 6. dxc5 Bxc5 7. cxd5 Qxd5 8. Qxd5 exd5 9. Nc3 Nge7 10. Bg5 Be6 11. Nge2 h6 12. Bxe7 Kxe7 13. Bxc6 bxc6 14. Rc1 Bb4 15. a3 Ba5 16. 0-0 Rhc8 17. Rfd1 Rab8 18. b4 Bc7 19. f4 Bg4 20. h3 Bb6+ 21. Kh2 Bd7 22. Na4 a5 23. Nxb6 Rxb6 24. bxa5 Rb5 25. Rc3 Rxa5 26. Rdc1 Ra4 27. Rd1 Re4 28. Rd2 g6 29. Kg3 Ra8 30. Nd4 Ra6 31. Kf3 h5 32. Nc2 Rc4 33. Rxc4 dxc4 34. g4 hxg4+ 35. hxg4 Be6 36. Rd4 Bd5+ 37. Ke2 Ra8 38. Nb4 Ra5 39. Rxd5 Rxd5 40. Nxd5+ cxd5 41. Ke3 Kd7 42. Kd4 Kc6 43. f5 Kb5 44. fxg6 fxg6 45. e6 Kc6 46. a4 c3 47. Kxc3 Kc5 48. g5 d4+ 49. Kd3 Kd6 50. a5 Kc6 1-0

[Event "Lima Santisimo Nombre de Jesus 6"]
[Site "Lima"]
[Date "2013.11.18"]
[Round "2"]
[White "Vela, Amrafel"]
[Black "Romero Dongo, Maria Jose"]
[Result "1-0"]
[WhiteElo "1694"]
[BlackElo "1372"]
[PlyCount "49"]
[EventDate "2013.11.18"]
[EventType "swiss"]
[EventRounds "8"]
[EventCountry "PER"]
[SourceTitle "EXT 2024"]
[Source "ChessBase"]
[SourceDate "2023.10.10"]
[SourceVersion "1"]
[SourceVersionDate "2023.10.10"]
[SourceQuality "1"]

1. c4 c5 2. Nc3 Nc6 3. e3 e5 4. Nge2 g6 5. d4 exd4 6. exd4 cxd4 7. Nxd4 Nxd4 8. Qxd4 Nf6 9. Nd5 Bg7 10. Bg5 Nh5 11. Qe3+ Kf8 12. Bxd8 Bxb2 13. Rb1 Bg7 14. g4 b6 15. gxh5 gxh5 16. Bd3 Bb7 17. Be7+ Kg8 18. 0-0 Bxd5 19. cxd5 Re8 20. d6 h6 21. Kh1 h4 22. Rg1 h5 23. Rbd1 Rh6 24. Qxh6 Rxe7 25. Qxg7# 1-0

[Event "Lima Santisimo Nombre de Jesus 5"]
[Site "Lima"]
[Date "2013.10.17"]
[Round "4"]
[White "Vela, Amrafel"]
[Black "Romero Dongo, Sebastian Alejandro"]
[Result "1-0"]
[WhiteElo "1694"]
[BlackElo "1505"]
[PlyCount "91"]
[EventDate "2013.10.16"]
[EventType "swiss"]
[EventRounds "8"]
[EventCountry "PER"]
[SourceTitle "EXT 2024"]
[Source "ChessBase"]
[SourceDate "2023.10.10"]
[SourceVersion "1"]
[SourceVersionDate "2023.10.10"]
[SourceQuality "1"]

1. c4 Nf6 2. Nc3 g6 3. d4 Bg7 4. e3 d6 5. h3 Nbd7 6. g3 Rb8 7. Bg2 b6 8. Nge2 Bb7 9. Bxb7 Rxb7 10. 0-0 0-0 11. Rb1 c5 12. g4 Rc7 13. b3 Qc8 14. Bb2 h6 15. Qd2 Rd8 16. Rbd1 Nf8 17. Nf4 N8h7 18. Nb5 Rb7 19. Qd3 Ng5 20. f3 Kh7 21. Kg2 Rbd7 22. h4 Ne6 23. Nxe6 fxe6 24. h5 Kh8 25. Qxg6 Rg8 26. Qd3 Nxh5 27. Kf2 Nf6 28. g5 Nh7 29. gxh6 Bf6 30. Rg1 Rdd8 31. Qd2 a6 32. Nc3 cxd4 33. exd4 Bg5 34. Qd3 Rdf8 35. Ne4 Bh4+ 36. Ke2 Rf7 37. Rdf1 Qf8 38. Qe3 Rxg1 39. Rxg1 Bf6 40. Bc3 Qb8 41. f4 Rf8 42. Ng5 Bxg5 43. fxg5 Qc8 44. g6 Rf6 45. gxh7 Kxh7 46. Qg5 1-0

[Event "Lima Santisimo Nombre de Jesus 4"]
[Site "Lima"]
[Date "2013.08.02"]
[Round "5"]
[White "Molina Contreras, David"]
[Black "Vela, Amrafel"]
[Result "1-0"]
[WhiteElo "1661"]
[BlackElo "1717"]
[PlyCount "107"]
[EventDate "2013.07.31"]
[EventType "swiss"]
[EventRounds "8"]
[EventCountry "PER"]
[SourceTitle "EXT 2024"]
[Source "ChessBase"]
[SourceDate "2023.10.10"]
[SourceVersion "1"]
[SourceVersionDate "2023.10.10"]
[SourceQuality "1"]

1. c4 b6 2. Nc3 e6 3. d4 Bb7 4. d5 Na6 5. e4 Bb4 6. Bd2 Qh4 7. Nf3 Qg4 8. h3 Qg6 9. Ne5 Qf6 10. Nd3 Bd6 11. Nb5 Bf8 12. Bc3 Qg6 13. Qf3 c6 14. Nd4 Nc5 15. Nxc5 Bxc5 16. Nb3 Be7 17. Bd3 f6 18. 0-0 e5 19. Rfd1 Nh6 20. Rac1 0-0 21. c5 Rfe8 22. d6 Bf8 23. Bc4+ Kh8 24. Qe3 Nf7 25. Bxf7 Qxf7 26. cxb6 axb6 27. Qxb6 Reb8 28. Qc7 Qe8 29. Qb6 Ra6 30. Qb4 Ba8 31. Qc4 Rab6 32. Nc5 g6 33. Na6 Rc8 34. Nc7 Qd8 35. f4 Bg7 36. fxe5 fxe5 37. Qc5 Rbb8 38. Bxe5 Qg8 39. Qc3 Rf8 40. Bxg7+ Qxg7 41. Qxg7+ Kxg7 42. Rd2 Rb4 43. Re1 Rfb8 44. b3 Bb7 45. Kh2 Rf8 46. Kg3 h6 47. Rf2 Rxf2 48. Kxf2 Rd4 49. e5 Kf7 50. Ke3 Rb4 51. Rf1+ Kg7 52. Rf4 Rb6 53. e6 dxe6 54. d7 1-0

[Event "Lima Santisimo Nombre de Jesus 4"]
[Site "Lima"]
[Date "2013.08.02"]
[Round "6"]
[White "Vela, Amrafel"]
[Black "Cosme Contreras, Trilce"]
[Result "1/2-1/2"]
[WhiteElo "1720"]
[BlackElo "1563"]
[PlyCount "63"]
[EventDate "2013.07.31"]
[EventType "swiss"]
[EventRounds "8"]
[EventCountry "PER"]
[SourceTitle "EXT 2024"]
[Source "ChessBase"]
[SourceDate "2023.10.10"]
[SourceVersion "1"]
[SourceVersionDate "2023.10.10"]
[SourceQuality "1"]

1. c4 Nf6 2. Nc3 g6 3. d4 Bg7 4. e3 e6 5. g3 Nc6 6. Bg2 d6 7. Nge2 0-0 8. 0-0 Bd7 9. h3 Ne8 10. b3 Qc8 11. g4 f5 12. f3 e5 13. Bb2 fxg4 14. fxg4 Rxf1+ 15. Bxf1 h5 16. d5 Ne7 17. gxh5 Bxh3 18. hxg6 Qg4+ 19. Kh2 Bxf1 20. Qxf1 Qh5+ 21. Qh3 Qxh3+ 22. Kxh3 Nxg6 23. Ne4 Nf6 24. Nxf6+ Bxf6 25. Ng3 Rf8 26. Rf1 Bg5 27. Rxf8+ Kxf8 28. Nf5 Ne7 29. Nxe7 Kxe7 30. e4 Kf6 31. Kg4 Kg6 32. Bc3 1/2-1/2

[Event "Lima Santisimo Nombre de Jesus 3"]
[Site "Lima"]
[Date "2013.06.28"]
[Round "1"]
[White "Ramirez, Andres1111"]
[Black "Vela, Amrafel"]
[Result "0-1"]
[WhiteElo "1476"]
[BlackElo "1715"]
[PlyCount "52"]
[EventDate "2013.06.28"]
[EventType "swiss"]
[EventRounds "8"]
[EventCountry "PER"]
[SourceTitle "EXT 2024"]
[Source "ChessBase"]
[SourceDate "2023.10.10"]
[SourceVersion "1"]
[SourceVersionDate "2023.10.10"]
[SourceQuality "1"]

1. e4 c6 2. Nc3 d5 3. d4 dxe4 4. Nxe4 Bf5 5. Ng3 Bg6 6. Bf4 e6 7. Nf3 Bd6 8. Ne5 Bxe5 9. dxe5 Qb6 10. b3 Qb4+ 11. Bd2 Qc5 12. b4 Qxe5+ 13. Qe2 Qxa1+ 14. Qd1 Qxd1+ 15. Kxd1 Nf6 16. f3 Nbd7 17. b5 0-0 18. bxc6 bxc6 19. Bb4 Rfb8 20. a3 a5 21. Bd2 Rb2 22. Bc1 Rxc2 23. a4 Rb8 24. Ne2 Rb1 25. h3 Nd5 26. Nd4 Rbxc1# 0-1

[Event "Lima GP IRT op"]
[Site "Lima"]
[Date "2013.??.??"]
[Round "1"]
[White "Oswaldo Valentin, Requejo Cotrin"]
[Black "Vela, Amrafel"]
[Result "1-0"]
[WhiteElo "2314"]
[BlackElo "1717"]
[PlyCount "41"]
[EventDate "2013.08.21"]
[EventType "swiss"]
[EventRounds "9"]
[EventCountry "PER"]
[SourceTitle "CBM 156 Extra"]
[Source "ChessBase"]
[SourceDate "2013.10.22"]
[SourceVersion "1"]
[SourceVersionDate "2013.10.22"]
[SourceQuality "1"]

1. e4 c6 2. d4 d5 3. f3 e6 4. Be3 dxe4 5. Nd2 exf3 6. Qxf3 Nf6 7. Bc4 Nd5 8. Nh3 Nxe3 9. Qxe3 Qh4+ 10. Nf2 Be7 11. Nf3 Qh5 12. Ne5 Qg5 13. Qf3 Qf6 14. Qe2 Qf4 15. c3 0-0 16. g3 Qh6 17. 0-0 g6 18. Nfg4 Qg7 19. Nxf7 Rxf7 20. Bxe6 Bxe6 21. Qxe6 1-0

[Event "Lima Sagrados Corazones Recoleta 2012"]
[Site "Lima"]
[Date "2012.12.24"]
[Round "6"]
[White "Ugarelli Ancasi, Juan Carlos"]
[Black "Vela, Amrafel"]
[Result "1-0"]
[WhiteElo "1387"]
[BlackElo "1709"]
[PlyCount "121"]
[EventDate "2012.12.22"]
[EventType "swiss"]
[EventRounds "8"]
[EventCountry "PER"]
[SourceTitle "EXT 2024"]
[Source "ChessBase"]
[SourceDate "2023.10.10"]
[SourceVersion "1"]
[SourceVersionDate "2023.10.10"]
[SourceQuality "1"]

1. e4 c6 2. d4 d5 3. e5 c5 4. Nf3 Nc6 5. c3 cxd4 6. cxd4 Bg4 7. Be3 Qb6 8. Qd2 e6 9. a3 Na5 10. Qc2 Nb3 11. Ra2 Ne7 12. Qd3 a6 13. Nc3 Na5 14. Be2 Bf5 15. Qd1 Ng6 16. 0-0 Be7 17. Bd3 Bxd3 18. Qxd3 Nc4 19. Qe2 Nh4 20. Nxh4 Bxh4 21. Qg4 Be7 22. Qxg7 Kd7 23. b4 h5 24. Qxf7 Raf8 25. Qg6 h4 26. Na4 Qb5 27. Nc5+ Bxc5 28. Bh6 Rfg8 29. Qf7+ Be7 30. Bg7 h3 31. g3 Nb6 32. Bxh8 Rxh8 33. Rc2 Nc4 34. Rc3 Qa4 35. Rfc1 b5 36. Qg7 Rh5 37. Qg6 Rh8 38. Qc2 Qxc2 39. R1xc2 Bd8 40. f4 a5 41. bxa5 Bxa5 42. Rb3 Bb6 43. Rd3 Ra8 44. Ra2 Ra4 45. Kf2 Bd8 46. Kf3 Be7 47. g4 Bxa3 48. g5 b4 49. Rb3 Ra8 50. Kg4 Rh8 51. g6 Ke7 52. Kg5 Na5 53. Raxa3 bxa3 54. Rxa3 Nc6 55. Ra6 Nxd4 56. Ra7+ Kd8 57. Ra8+ Kc7 58. Rxh8 Nf3+ 59. Kf6 Nxh2 60. Rxh3 Ng4+ 61. Kf7 1-0